LEADER 01528nam a2200325 i 4500 001 000000196632 003 CaOOAMICUS 005 20230314110532.0 008 110127s2009 it u000 u ita u 020 $a978-88-04-58346-2 040 $aSeMil$bita 245 02$aI detti islamici di Gesł /$ca cura di Sabino Chialą ; traduzione di Ignazio De Francesco. 264 1$a[Milano] :$bFondazione Lorenzo Valla :$bArnoldo Mondadori,$c2009. 300 $aLIX, 444 p. ;$c21 cm. 490 1 $aScrittori greci e latini 541 1 $aOmaggio card. Dionigi Tettamanzi (1ZA A 68) 650 4$aGesł Cristo - Concezione islamica.$0(OLS)http://semarc/subject/7464 650 4$aGesł Cristo - Agrapha - Fonti arabe.$0(OLS)http://semarc/subject/36904 650 4$aGesł Cristo - Concezione islamica - Testi.$0(OLS)http://semarc/subject/36905 700 1 $aDe Francesco, Ignazio.$0(OLS)http://semarc/name/48524 700 1 $aChialą, Sabino,$d<1968- >.$0(OLS)http://semarc/name/32571 830 0$aScrittori greci e latini.$0(OLS)http://semarc/title/137 850 $aSeMil 852 $aSeMil$W1$xVenegono$y1$m1ZA A 68$j238463$B147195$CSeMilBibl$Z2$F158757 $81 941 1 $a5 961 $aOmaggio: Tettamanzi Card. Dionigi 996 $6020$a978-88-04-58346-2$9(OLS)http://semarc/number/188579 996 $6245$aI detti islamici di Gesł$9(OLS)http://semarc/title/283922 996 $6264$a[Milano] :$bFondazione Lorenzo Valla :$bArnoldo Mondadori$9(OLS)http://semarc/publisher/30147 LEADER 00492nab a2200133 i 4500 001 000000321653 003 CaOOAMICUS 005 20180831173350.0 008 180831n it uu u0 0ita r 013 $a31901 040 $aSeMil$bita 245 10$aDalla mia parrocchia ad una nuova comunitą. - In [rubrica] :$bOrdinazioni diaconali. 773 0 $tDiaconi 2010.$gp.4$w()274085 996 $6245$aDalla mia parrocchia ad una nuova comunitą. - In [rubrica] :$bOrdinazioni diaconali.$9(OLS)http://semarc/title/395199